Statistics for Top 10 African Countries with the Highest Elevation

Click here to take the quiz!

General Stats

  • This quiz has been taken 108 times
  • The average score is 9 of 10

Answer Stats

MetersCountryFeet% Correct
5,199Kenya17,057
99%
5,895Tanzania19,331
99%
5,109D.R. Congo16,762
96%
5,109Uganda16,762
96%
4,550Ethiopia14,928
95%
4,507Rwanda14,787
91%
3,450South Africa11,319
89%
4,167Morocco13,665
88%
3,482Lesotho11,424
72%
4,100Cameroon13,255
68%

Score Distribution

Percentile by Number Answered

Percent of People with Each Score

Your Score History

You have not taken this quiz